| 000 | 00478nam a22001817a 4500 | ||
|---|---|---|---|
| 005 | 20260416160032.0 | ||
| 008 | 260416b |||||||| |||| 00| 0 eng d | ||
| 020 | _a9780990982814 | ||
| 050 | _aKRX 774 | ||
| 100 | _aA.K.P Kludze | ||
| 245 |
_aModern law of succession in Ghana _bA.K.P Kludze |
||
| 250 | _a2015 edi | ||
| 260 |
_aUSA _bKludze publications _cc2015 |
||
| 300 | _axxii, 315p, | ||
| 500 | _aincludes index | ||
| 700 |
_aA.K.P Kludze _eAuthor |
||
| 942 |
_2lcc _cBK _n0 |
||
| 999 |
_c9237 _d9237 |
||